000 00952nam a2200217Ia 4500
001 9702
003 GE_BSU
008 181216s||||||||xx |||||||||||||| ||und||
040 _cGE_BSU
080 _a821.353.1–1+821.353.1-144+821.353.1-11+821.353.1-32+821.353.1-6
100 _aნაფეტვარიძე,გიორგი
245 _aლექსები,ბალადები,პოემები,მოთხრობები,ფრონტული წერილები
245 _cრედ.ბ.ხარანაული.მხატვ.დ.გრიგოლია
260 _aთბილისი
260 _bსაბჭოთა საქართველო
260 _c1970
300 _a326გვ.17სმ.
653 _aლექსები,ბალადები,პოემები,მოთხრობები
653 _aფრონტული წერილები
942 _cBK
999 _c42985
_d42985